U.S. City to County: Mega Edition - Statistics

General Stats
  • This quiz has been taken 10 times
  • The average score is 45 of 131
Answer Stats
US City County % Correct
Washington, DC Washington
89%
Bronx Bronx
78%
Chicago, IL Cook
78%
Miami, FL Dade
78%
Los Angeles, CA Los Angeles
78%
Anaheim, CA | Orlando, FL Orange
78%
Queens Queens
78%
Mobile, AL Mobile
67%
Manhattan New York
67%
San Francisco,CA San Francisco
67%
Dallas, TX Dallas
56%
Colorado Springs, CO | El Paso, TX El Paso
56%
Fresno, CA Fresno
56%
Atlanta, GA Fulton
56%
Houston, TX Harris
56%
Kansas City, MO Jackson
56%
Birmingham, AL | Louisville, KY Jefferson
56%
Seattle, WA King
56%
Brooklyn Kings
56%
Huntsville, AL Madison
56%
Phoenix, AZ Maricopa
56%
Philadelphia, PA Philadelphia
56%
Richmond, VA | Staten Island Richmond
56%
Sacramento, CA Sacramento
56%
San Diego, CA San Diego
56%
San Jose, CA Santa Clara
56%
Spokane, WA Spokane
56%
Detroit, MI Wayne
56%
Boise, ID Ada
44%
Oakland, CA Alameda
44%
Albany, NY Albany
44%
Anchorage, AK Anchorage
44%
Baltimore, MD Baltimore
44%
San Antonio, TX Bexar
44%
Fort Lauderdale, FL Broward
44%
Las Vegas, NV Clark
44%
Denver, CO Denver
44%
Durham, NC Durham
44%
Newark, NJ Essex
44%
Chattanooga, TN | Cincinnati, OH Hamilton
44%
Hartford, CT Hartford
44%
Honolulu, HI Honolulu
44%
Bakersfield, CA Kern
44%
Knoxville, TN Knox
44%
Milwaukee, WI Milwaukee
44%
Missoula, MT Missoula
44%
Rochester, NY Monroe
44%
Dayton, OH | Montgomery, AL Montgomery
44%
New Haven, CT New Haven
44%
Oklahoma City, OK Oklahoma
44%
Providence, RI Providence
44%
Roanoke, VA Roanoke
44%
Tulsa, OK Tulsa
44%
Atlantic City, NJ Atlantic
33%
Boulder, CO Boulder
33%
Charleston, SC Charleston
33%
Cleveland, OH Cuyahoga
33%
Nashville, TN Davidson
33%
Baton Rouge, LA East Baton Rouge/West Baton Rouge
33%
Buffalo, NY | Erie, PA Erie
33%
Fairbanks, AK Fairbanks North Star
33%
Lexington, KY Fayette
33%
Columbus, OH Franklin
33%
Minneapolis, MN Hennepin
33%
Manchester, NH | Saint Petersburg, FL Hillsborough
33%
Grand Rapids, MI Kent
33%
Charlotte, NC Mecklenburg
33%
Wilmington, DE New Castle
33%
New Orleans, LA Orleans
33%
Tucson, AZ Pima
33%
Tampa, FL Pinellas
33%
Duluth, MN | Saint Louis, MO Saint Louis
33%
Boston, MA Suffolk
33%
Fort Worth, TX Tarrant
33%
Austin, TX Travis
33%
Virginia Beach, VA Virginia Beach
33%
Pittsburgh, PA Allegheny
22%
Fort Wayne, IN Allen
22%
Albuquerque, NM Bernalillo
22%
Madison, WI Dane
22%
Jacksonville, FL Duval
22%
Lincoln, NE Lancaster
22%
Tallahassee, FL Leon
22%
Indianapolis, IN Marion
22%
Portland, OR Multnomah
22%
Corpus Christi, TX Nueces
22%
Des Moines, IA Polk
22%
Amarillo, TX Potter/Randall
22%
Little Rock, AR Pulaski
22%
Memphis, TN Shelby
22%
Raleigh, NC Wake
22%
Savannah, GA Chatham
11%
Portland, ME Cumberland
11%
Green Bay, WI Door
11%
Omaha, NE Douglas
11%
Charleston, WV Kanawha
11%
Cheyenne, WY Laramie
11%
Youngstown, OH Mahoning
11%
Syracuse, NY Onondaga
11%
Columbia, SC Richland
11%
Daytona Beach, FL Volusia
11%
Reno, NV Washoe
11%
Shreveport, LA Caddo
0%
Fargo, ND Cass
0%
Burlington, VT Chittenden
0%
Harrisburg, PA Dauphin
0%
Hattiesburg, MS Forrest
0%
Greensboro, NC Guilford
0%
Jackson, MS Hinds
0%
Scranton, PA Lackawanna
0%
Eugene, OR Lane
0%
Cedar Rapids, IA Linn
0%
Toledo, OH Lucas
0%
Waco, TX McLennan
0%
Sioux Falls, SD Minnehaha
0%
Morgantown, WV Monongalia
0%
Springfield, IL Sangamon
0%
Wichita, KS Sedgwick
0%
Topeka, KS Shawnee
0%
Akron, OH Stark
0%
Evansville, IN Vanderburgh
0%
Billings, MT Yellowstone
0%
No matching quizzes found
Score Distribution
Percent of People with Each Score
Percentile by Number Answered
Your Score History
You have not taken this quiz